[Event "3rd Sunway Formentera-A TB 2024"]
[Site "Formentera"]
[Date "2024.04.19"]
[Round "2.1"]
[White "Alsina Leal, Daniel"]
[Black "Moussard, Jules"]
[Result "0-1"]
[WhiteElo "2497"]
[BlackElo "2610"]
[Annotator "TA"]
[PlyCount "78"]
[EventDate "2024.04.03"]
[EventCountry "ESP"]
[SourceTitle "playchess.com"]
[Source "ChessBase"]
[SourceQuality "1"]

{[%evp 38,78,-23,-71,-90,-232,-244,-236,-161,-272,-271,-275,-279,-274,-276,-254,-269,-266,-276,-277,-253,-256,-220,-356,-314,-299,-291,-337,-41,-493,-493,-797,-798,-793,-789,-29975,-635,-1411,-1260,-1419,-1364,-1384,-1352]} 1. e4 c5 2. Nf3 e6 3. d4 cxd4 4. Nxd4 Nc6 5. Nc3 Qc7 6. Be2 Nf6 7. Ndb5 {B47: Sicilian: Taimanov: 5 Nc3 Qc7 6 f4, 6 g3 and 6 Be2.} Qb8 8. f4 d6 9. g4 Be7 $146 ({Predecessor:} 9... a6 10. Nd4 Be7 11. g5 Nd7 12. Be3 O-O 13. h4 Re8 14. h5 Nxd4 15. Qxd4 e5 {1-0 Petrov,N (2553)-Grachev,B (2593) RUS-ch Rapid 2022 (11)}) 10. g5 Nd7 11. h4 Nc5 12. Be3 a6 13. Nd4 Bd7 14. Qd2 b5 15. a3 O-O 16. h5 Rc8 17. g6 b4 18. axb4 Qxb4 19. h6 fxg6 (19... hxg6 $17 20. f5) 20. hxg7 (20. Nxc6 $1 $11 {might be stronger.} Bxc6 21. Bg4) 20... Bf6 $17 (20... Qxb2 21. Rb1 Qa3 22. Nb3 $16) 21. Nxc6 (21. Rd1 $17) 21... Bxc6 $19 (21... Qxb2 22. Ne7+ Kxg7 23. O-O Qxc3 24. Qxc3 Bxc3 25. Nxc8 Rxc8 (25... Bxc8 26. Bxc5 Bxa1 27. Bxd6 $11) 26. Rab1 $11 (26. Bxa6 Ra8 $15)) 22. Bxc5 Qxc5 (22... Qxb2 23. Kf2 Qxc3 (23... dxc5 24. e5 $17) 24. Qxd6 $17) 23. Bg4 (23. Na4 $142 Bxa4 24. Rxa4) 23... Re8 $1 $19 (23... Bxg7 24. Bxe6+ Kh8 25. f5 $11 (25. Bxc8 Rxc8 26. Ra3 Rb8 $14)) 24. O-O-O Bxc3 (24... Bxg7 $2 25. Qxd6 Bf8 (25... Qc4 $2 26. Be2 $18) 26. Bxe6+ Kh8 27. Qxc5 Bxc5 28. Bf7 $18) (24... Kxg7 25. e5 (25. Qxd6 Qb6 $17) 25... dxe5 26. fxe5 Qxe5 (26... Bxe5 27. Qh6+ Kf7 28. Qxh7+ Bg7 29. Rhf1+) 27. Qh6+ Kf7 28. Qxh7+ Kf8 29. Qh6+ Kf7 30. Qh7+ Kf8 31. Rhf1 Qg5+ 32. Rd2 $11) 25. Qxc3 Qxc3 (25... Bxe4 26. Qxc5 dxc5 27. Rhg1 $19) 26. bxc3 Bxe4 27. Rhe1 d5 28. c4 Rac8 29. Rd4 Kxg7 30. c3 (30. cxd5 $142 Bxd5 (30... Rxc2+ 31. Kd1 $15) 31. Be2) 30... Rc5 (30... Rxc4 $2 31. Rxc4 dxc4 32. Rxe4 $18) 31. Kd2 h5 (31... Rxc4 $2 32. Rxc4 dxc4 33. Rxe4 $18) 32. Bh3 Rb8 $2 (32... Rxc4 $2 33. Rxc4 dxc4 34. Rxe4 $18) ({Black should try} 32... Ra5 $19 33. Bf1 h4) 33. cxd5 $2 {[%mdl 8192]} ({White must play} 33. Bxe6 $15 Rb2+ 34. Ke3) 33... exd5 $19 34. c4 (34. Re3 $142) 34... Rb2+ $19 (34... Rxc4 35. Rxc4 Rb2+ 36. Kd1 dxc4 37. Rxe4 $18) 35. Kc3 Rc2+ 36. Kb3 R2xc4 (36... dxc4+ $142 37. Rxc4 R2xc4 (37... R5xc4 $2 38. Rxe4 R4c3+ 39. Kb4 $19) 38. Be6 Bc2+ 39. Ka3 Ra4+ (39... Rxf4 $2 40. Bd7 $19) 40. Kb2 Rb4+ (40... Rxf4 $2 41. Ra1 $19) 41. Ka1 Ra5+ (41... Rxf4 {is a self mate.} 42. Bg8 Kxg8 43. Re8+ Rf8 44. Re2 h4 45. Rh2 Rb8 46. Rxc2 Ra5+ 47. Ra2 Rxa2+ 48. Kxa2 h3 49. Ka1 h2 50. Ka2 h1=Q 51. Ka3 Qa1#) 42. Ba2 Rba4 (42... Rxf4 $2 43. Kb2 $19) 43. Kb2 Rxa2+ 44. Kc3 Bf5 45. Re7+ Kf6 46. Rb7 R5a3+ 47. Kc4 Rc2+ 48. Kb4 Ra1 49. Rb6+ Be6 50. Rxe6+ Kxe6 51. f5+ Ke5 (51... Kxf5 {leads to mate.} 52. Kb3 Rac1 53. Ka4 Rb1 54. Ka3 g5 55. Ka4 Ra2#) 52. Kb3 Raa2 (52... Rg2 53. Kc4 gxf5 54. Kc3 Rb1 55. Kd3 Rc1 56. Ke3 Rc3#) 53. Kb4 Kd4 54. fxg6 Rcb2#) 37. Rexe4 Rc3+ 38. Kb4 a5+ 39. Ka4 dxe4 0-1

[Event "3rd Sunway Formentera-A TB 2024"]
[Site "Formentera"]
[Date "2024.04.19"]
[Round "2.1"]
[White "Mohamed Anees M"]
[Black "Balakrishnan, Praveen"]
[Result "1-0"]
[WhiteElo "2253"]
[BlackElo "2500"]
[Annotator "TA"]
[PlyCount "89"]
[EventDate "2024.04.03"]
[EventCountry "ESP"]
[SourceTitle "playchess.com"]
[Source "ChessBase"]
[SourceQuality "1"]

{[%evp 16,89,-17,-15,-8,-40,-26,-44,-40,-54,-33,-91,-40,-110,-130,-124,-138,-122,-45,-45,-22,-54,-41,-191,-10,-11,-8,0,-16,-19,16,0,0,-76,-79,-117,48,56,56,55,56,39,64,23,80,68,124,89,141,89,87,67,104,126,274,-154,87,92,86,86,93,93,93,0,89,14,91,83,105,62,774,758,29975,29974,29987,29986]} 1. d4 d5 2. c4 e6 3. Nf3 Nf6 4. g3 Bb4+ 5. Nbd2 dxc4 6. Qc2 b5 7. Bg2 c6 8. a4 Bb7 9. O-O O-O 10. e4 Nbd7 11. e5 Nd5 {Black is slightly better.} 12. Ne4 h6 13. h4 ({Better is} 13. g4 $15) 13... Be7 (13... a6 $17 14. axb5 cxb5) 14. Bd2 (14. Qe2 $15) 14... a6 $17 15. b3 cxb3 16. Qxb3 N7b6 (16... b4 $17 {Strongly threatening ...c5.} 17. Rac1 a5) 17. Rfc1 $15 Qd7 18. a5 Nc4 19. Be1 (19. Rxc4 $15 bxc4 20. Qxc4) 19... f5 $2 (19... c5 $1 $19 {[%cal Od5f4] And now ...Nf4! would win.} 20. Nxc5 Bxc5 21. dxc5 Rad8) 20. exf6 $11 Nxf6 21. Nc5 Bxc5 22. dxc5 Nd5 23. Rab1 {[%mdl 1024] Rxc4 is the strong threat. White has compensation.} Bc8 24. Bc3 (24. Rxc4 $11 {keeps the balance.} bxc4 25. Qxc4) 24... Qf7 $17 {[%cal Oe6e5]} 25. Rc2 Bd7 $2 (25... e5 $1 $17 26. Nxe5 Nxe5 27. Bxe5 Bf5) 26. Ne5 $14 Nxe5 27. Bxe5 Qf5 28. Re1 Rf7 29. f4 Raf8 {Black is weak on the dark squares} (29... Be8 $11) 30. Kh2 Nf6 {Dodges Be4} ({Black should play} 30... Qg6 $14) 31. Bh3 Qg6 (31... Qh5 $142) 32. Rd2 {White has more active pieces.} (32. Bxf6 $142 $1 Qxf6 33. Bxe6 Bxe6 34. Rxe6) 32... Nd5 $16 33. Bg2 Bc8 34. Be4 Qg4 {[#]} (34... Rf5 $16 {was called for.} 35. Bd6 (35. Bxf5 exf5 36. Rxd5 cxd5 $16) 35... Rd8) 35. Bb1 $2 {[#] This pair of bishops is nice.} ({Only move:} 35. Bf3 $1 $18 {[%cal Rf3g4]} Qf5 36. g4) 35... Kh8 $2 (35... Nxf4 $1 $17 {and life is bright. ( -> ...Qh3+)} 36. Bxf4 Rxf4) 36. Qd3 Rf5 37. Qd4 R5f7 38. Qe4 Rf5 39. Qd4 R5f7 $1 40. Bd6 (40. Bc2 $16) 40... Rg8 (40... e5 $1 $11 {remains equal.} 41. Qxe5 Rg8 (41... Qh3+ 42. Kg1 $17)) 41. Re5 $40 {[%cal Be1e5,Be5d5,Bd5h5][%mdl 160] Black is in trouble.} Qf3 42. Be4 Qc3 {[%mdl 8192] [#]} (42... Qa3 $14) 43. Rxd5 $1 $18 {[%mdl 512]} Qxa5 (43... Qxd2+ 44. Qxd2) 44. Rh5 {[%csl LRc6,LRh6][%cal Rh5h6]} Rf6 45. Be5 {Weighted Error Value: White=0.44/Black=0.53.  Loses game:     	---       	Black=1      Missed win:     	White=1     	Black=1      Mistake:       	White=6     	Black=9      Inaccurate:     	White=4     	Black=3      OK:         	White=6     	Black=10     Best:        	White=4     	Black=1      Strong:       	---       	Black=1      Brilliant:      	White=1     	---} 1-0

[Event "3rd Sunway Formentera-A TB 2024"]
[Site "Formentera"]
[Date "2024.04.19"]
[Round "2.2"]
[White "Moussard, Jules"]
[Black "Alsina Leal, Daniel"]
[Result "1-0"]
[WhiteElo "2610"]
[BlackElo "2497"]
[Annotator "TA"]
[PlyCount "61"]
[EventDate "2024.04.03"]
[EventCountry "ESP"]
[SourceTitle "playchess.com"]
[Source "ChessBase"]
[SourceQuality "1"]

{[%evp 11,61,28,21,22,68,46,45,17,16,-4,0,0,81,74,79,77,77,62,59,58,50,52,64,33,61,54,65,41,85,90,102,97,109,83,102,104,165,152,156,67,62,47,162,158,397,363,341,302,503,295,29989,29990]} 1. e4 c5 2. Nf3 Nc6 3. Bb5 g6 4. Bxc6 dxc6 5. d3 Bg7 6. O-O Nf6 7. e5 Nd7 {[#]} (7... Nd5 $11 {deserves consideration.}) 8. e6 $1 $14 fxe6 9. Ng5 {White is slightly better.} Ne5 10. Bd2 O-O 11. Bc3 Nf7 (11... Qd5 $11) 12. Bxg7 Kxg7 13. Nxf7 Rxf7 14. Nc3 {[%cal Bb1c3,Bc3e4,Be4g5,Bg5f3,Bf3e5][%mdl 32]} Qd4 15. Qe2 {[%mdl 1024] White has compensation.} Bd7 16. Ne4 b6 17. Ng5 Rf6 18. c3 Qd5 19. Nf3 Raf8 {[%cal Rf6f3]} 20. Ne5 Bc8 21. Rae1 {[%cal Ba1e1,Be1c1,Bc1c6][%mdl 32]} a5 22. a3 b5 23. Qe3 (23. f3 {simplifies} a4 24. Qe3 Qd6 25. Rf2) 23... b4 (23... Rf5 $16 {is a better defense.} 24. f4 a4) 24. axb4 $18 cxb4 25. cxb4 (25. c4 $16 Qd8 26. Qa7 (26. Nxc6 Qc7 $18)) 25... axb4 $14 26. Rc1 {[%cal Oc1c5]} (26. f3 {simplifies} Rf4 27. Rc1 Qd4 28. Qxd4 Rxd4 29. Rxc6 Kf6 30. Re1) 26... Qb3 ({Black should try} 26... Rf5 $14 27. Rc5 (27. Nxc6 Bb7 $11) 27... Qb3) 27. Ng4 $18 ({Worse is} 27. Rxc6 Rxf2 28. Nf3 Rxf1+ (28... Rxb2 $2 29. Rc7 $18) 29. Kxf1 Qxb2 $11) 27... R6f7 $2 {A mistake that costs the game.} (27... Rf5 $16 {was necessary.}) 28. Qe5+ ({Less strong is} 28. Rxc6 Qxb2 29. d4 Rf5 $18) 28... Rf6 29. Rxc6 {[#] Hoping for Rc7.} Qxd3 $2 (29... Bd7) 30. Rc7 Qd6 (30... Bd7 $18 31. Qc5 Rf5) 31. Qxd6 {Weighted Error Value: White=0.28 (precise) /Black=0.68.  Loses game:     	---       	Black=1      Mistake:       	White=1     	Black=6      Inaccurate:     	White=3     	Black=2      OK:         	White=8     	Black=6      Best:        	White=2     	Black=1} 1-0

[Event "3rd Sunway Formentera-A TB 2024"]
[Site "Formentera"]
[Date "2024.04.19"]
[Round "2.2"]
[White "Balakrishnan, Praveen"]
[Black "Mohamed Anees M"]
[Result "0-1"]
[WhiteElo "2500"]
[BlackElo "2253"]
[Annotator "TA"]
[PlyCount "107"]
[EventDate "2024.04.03"]
[EventCountry "ESP"]
[SourceTitle "playchess.com"]
[Source "ChessBase"]
[SourceQuality "1"]

{[%evp 12,107,0,1,0,0,0,0,0,-11,0,0,0,0,2,-41,0,-20,0,-14,0,-17,0,0,0,0,2,0,-8,-54,-56,-66,-59,-47,-50,-69,-83,-119,-91,-76,-75,-85,-77,-206,-175,-208,-171,-266,-285,-264,-271,-300,-275,-323,-316,-324,-324,-381,-266,-370,-267,-356,-356,-329,-329,-225,0,0,0,0,0,-40,0,0,0,-4,0,0,0,0,0,0,0,-69,0,0,0,0,0,0,0,0,0,0,0,0,0,-29958]} 1. d4 d5 2. Nf3 Nf6 3. c3 e6 4. Bf4 Bd6 5. e3 c5 6. Ne5 O-O 7. Bd3 Qc7 8. Nd2 Nbd7 9. Ndf3 b6 10. h4 Ne4 11. Nxd7 Bxd7 12. Bxd6 Qxd6 13. dxc5 Qxc5 14. O-O Rad8 15. Qc2 Bc6 16. Rad1 Qe7 17. Bxe4 dxe4 18. Nd4 Bb7 19. g3 Qf6 20. Qe2 (20. Ne2 $11 {was preferrable.}) 20... e5 $15 21. Nb3 Qf3 $1 22. Qxf3 exf3 23. Rfe1 {White is weak on the light squares} Ba6 24. Nc1 f6 25. b3 Kf7 {Black is more active.} 26. c4 Bb7 27. Kf1 (27. b4 $17) 27... Be4 $19 28. Kg1 Bc2 29. Rd5 (29. Rxd8 {might work better.} Rxd8 30. g4) 29... Rxd5 30. cxd5 {[%mdl 4096] Endgame. KRB-KRN} e4 31. b4 Rd8 32. Nb3 Bxb3 ({Less strong is} 32... Rxd5 33. Nd4 Ba4 34. Rc1 $15) 33. axb3 Rxd5 {KR-KR} 34. Ra1 a5 {And now ...h5 would win.} 35. bxa5 bxa5 36. g4 h5 37. gxh5 Rxh5 38. Ra4 Re5 (38... Rxh4 $19 {aiming for ...g5.} 39. Rxa5 Rh8) 39. Kh2 $11 f5 {[%cal Og7g5]} 40. Kg3 Rb5 {[%cal Of7g6] [#] ...Kg6! is the strong threat.} 41. Kf4 Kf6 42. Ra1 g6 43. Ra2 Rxb3 44. Rxa5 Rb2 45. Ra6+ Kf7 46. Kg3 Rc2 47. Rb6 ({Better is} 47. h5 $11) 47... Rd2 ({Black should play} 47... Kg7 $1 $15) 48. h5 $1 {The position is equal.} gxh5 49. Rh6 Rd1 50. Rxh5 Kg6 51. Rh8 Rg1+ 52. Kf4 {[#] White wants to mate with Rg8+.} Rg2 53. Rg8+ Kf7 54. Rg5 $2 {[%mdl 8192] Weighted Error Value: White=0.21 (precise) /Black=0.16 (very precise) .  Loses game:     	White=1     	---        Missed win:     	---       	Black=1      Mistake:       	White=4     	Black=1      Inaccurate:     	White=5     	Black=3      OK:         	White=15    	Black=11     Best:        	White=4     	Black=2      Strong:       	White=1     	Black=1} (54. Rb8 $11) 0-1